logo

Bir Sreshtho Munshi Abdur Rouf Library
Jhenaidah Cadet College

সংখ্যার ইতিহাস / (Record no. 13775)

MARC details
000 -LEADER
fixed length control field 00632nam a2200229 a 4500
001 - CONTROL NUMBER
JCCL Control Number 13775
003 - CONTROL NUMBER IDENTIFIER
JCCL marc code BD-JhCC
005 - DATE AND TIME OF LATEST TRANSACTION
control field 20240321140223.0
008 - FIXED-LENGTH DATA ELEMENTS--GENERAL INFORMATION
fixed length control field 240321b2021 bg |||| ||a| 000 0 Ben d
020 ## - INTERNATIONAL STANDARD BOOK NUMBER
International Standard Book Number 9789845101394
035 ## - SYSTEM CONTROL NUMBER
system control number (BD-JhCC)13775
040 ## - CATALOGING SOURCE
Original cataloging agency BD-JhCC
Modifying agency BD-JhCC
041 ## - LANGUAGE CODE
Language code of Book Bengali
082 ## - DEWEY DECIMAL CLASSIFICATION NUMBER
Classification number 510
Author mark and Year ISL 2021
100 ## - MAIN ENTRY--PERSONAL NAME
Personal name ইসলাম,সফিক
245 ## - TITLE STATEMENT
Title সংখ্যার ইতিহাস /
Statement of responsibility, etc সফিক ইসলাম।
260 ## - PUBLICATION, DISTRIBUTION, ETC. (IMPRINT)
Place of publication, distribution, etc ঢাকা:
Name of publisher, distributor, etc কথাপ্রকাশ;
Date of publication, distribution, etc 2021.
300 ## - PHYSICAL DESCRIPTION
Pagination 110 p. :
Dimensions 22 cm.
650 ## - SUBJECT ADDED ENTRY--TOPICAL TERM
Topical term or geographic name as entry element mathematics
942 ## - ADDED ENTRY ELEMENTS (KOHA)
Source of classification or shelving scheme Dewey Decimal Classification
Koha item type Books
Holdings
Source of classification or shelving scheme Damaged status Not for loan Home library Current library Shelving location Date of accession Cost, normal purchase price Total Checkouts Full call number Barcode Date last seen Copy number Method of acquisition Koha item type Currency Date checked out
Dewey Decimal Classification     JCC Rouf Library JCC Rouf Library General Stacks   200.00   510 ISL 2021 18744 03/21/2024 C-1 Purchase Books BDT  
Dewey Decimal Classification     JCC Rouf Library JCC Rouf Library General Stacks   200.00 1 510 ISL 2021 18743 10/03/2024 C-2 Purchase Books BDT 09/29/2024
Dewey Decimal Classification     JCC Rouf Library JCC Rouf Library General Stacks   200.00   510 ISL 2021 18733 03/21/2024 C-3 Purchase Books BDT  
Dewey Decimal Classification     JCC Rouf Library JCC Rouf Library General Stacks   200.00   510 ISL 2021 18734 03/21/2024 C-4 Purchase Books BDT  

JCC Library | Contacts | JCC Home

Last Update on 23 September 2017
Copyright @ 2017-2020 JCC Rouf Library
Rouf Library, Jhenidah Cadet College (JCC), Bangladesh